[Event "Barcelona Sant Marti op-B 23rd"]
[Site "Barcelona"]
[Date "2023.07.16"]
[Round "4"]
[White "Garcia Comas, Pau"]
[Black "Julia Yebra, David"]
[Result "0-1"]
[WhiteElo "1578"]
[BlackElo "1777"]
[PlyCount "130"]
[EventDate "2023.07.13"]
[EventType "swiss"]
[EventRounds "9"]
[EventCountry "ESP"]
[SourceTitle "CBM 215 Extra"]
[Source "ChessBase"]
[SourceDate "2023.09.30"]
[SourceVersion "1"]
[SourceVersionDate "2023.09.30"]
[SourceQuality "1"]

1. d4 Nf6 2. c4 g6 3. Nf3 Bg7 4. g3 0-0 5. Bg2 d6 6. 0-0 c6 7. Nc3 Nbd7 8. e4 e5 9. Re1 Qa5 10. dxe5 dxe5 11. Qc2 Qc7 12. b3 Re8 13. Bb2 b5 14. cxb5 cxb5 15. Qd3 a6 16. Rac1 Qb8 17. Nd5 Nxd5 18. Qxd5 Nb6 19. Qc6 Bg4 20. Qc7 Bxf3 21. Bxf3 Ra7 22. Qxb8 Rxb8 23. Rc6 h5 24. Rd1 a5 25. Rdd6 Nd7 26. Ra6 Rba8 27. Rxa7 Rxa7 28. Rd5 b4 29. Bd1 Kh7 30. f3 f6 31. Kf2 Bh6 32. Be2 Nf8 33. Rd1 Rd7 34. Rxd7+ Nxd7 35. Bb5 Nc5 36. Ke2 Kg7 37. Kd1 Kf8 38. Bc1 Bxc1 39. Kxc1 Ne6 40. Kd2 Nd4 41. Be2 h4 42. Bd1 hxg3 43. hxg3 g5 44. Kd3 Ke7 45. Kc4 Kd6 46. f4 gxf4 47. gxf4 Kc6 48. fxe5 fxe5 49. Bh5 Kd6 50. Be8 Ne2 51. Kb5 Nc3+ 52. Kxa5 Kc5 53. Bg6 Nxa2 54. Bh7 Nc3 55. Bg6 Nb1 56. Bh7 Na3 57. Bg6 Nc2 58. Bh7 Ne1 59. Bg6 Nd3 60. Bh7 Kd4 61. Bg6 Kc3 62. Bf7 Nc5 63. Kb5 Nxb3 64. Kc6 Nd2 65. Bd5 Kd4 0-1